| 000 | 00493 a2200193 4500 | ||
|---|---|---|---|
| 003 | OSt | ||
| 005 | 20180116182848.0 | ||
| 008 | 160830b xxu||||| |||| 00| 0 eng d | ||
| 020 | _a007243354x | ||
| 040 | _c0 | ||
| 082 | _a174.4 RIC 2001 | ||
| 100 | _aRichardson , John E. | ||
| 245 | _aBusiiness Ethics 01/02 | ||
| 250 | _a13th Ed | ||
| 260 |
_aMcGraw Hill _bDushkin _c2001 |
||
| 300 |
_a229 p. _bphoto copy |
||
| 440 | _aBusiiness Ethics 01/02 | ||
| 942 |
_aNBS _cBK _k174.4 RIC 2001 _2ddc |
||
| 999 |
_c347408 _d347408 |
||